000 00508nam a2200181 a 4500
001 19088
003 CO-ViMGA
008 141112s2004 ck r 000 u spa d
040 _aCO-ViMGA
_bspa
_cCO-ViMGA
082 0 4 _a370.114 D333
245 1 0 _aDefiendo la libertad
260 _aMontevideo :
_bSudamer; 1999
590 _aForma de adquisición : Donación Libreria y temas 2005 - - Precio :
_2.750
650 1 4 _aeducación MORAL
650 1 4 _aLIBERTAD
_93142
650 1 4 _aVALORES HUMANOS
942 _2ddc
_cBK
999 _c9746
_d9746